000 01345nam a2200313 i 4500
001 000022063
003 DO-SdBNP
005 20260514112435.0
007 ta
008 100916s1978 dr ab 001 0 spa d
040 _aDO-SdBNP
_bspa
_cBNPPHU
_erda
041 _aspa
082 4 _a622.1097293
_bS471s
_222
111 2 _aSeminario sobre el Sector Minero,
_c(Santo Domingo :
_n1:
_d1977)
_945711
245 1 0 _aMemoria Primer Seminario sobre el Sector Minero /
_beditores, Ramón A. Llinás y Virgilio Malagón A. ; presentación, Ramón Báez Romero.
264 1 _aSanto Domingo :
_bDirección General de Mineria,
_c1978.
300 _a456 páginas :
_bilustraciones, mapas ;
_c23 cm.
336 _atexto
_btxt
_2rdacontent
337 _asin mediación
_bn
_2rdamedia
338 _avolumen
_bnc
_2rdacarrier
650 7 _aMinas y riquezas minerales
_zRepública Dominicana
_xCongresos
_2LIBRUNAM
_989563
650 7 _aIndustria minera
_zRepública Dominicana
_xCongresos
_989564
700 1 _aLlinás, Romeo A.,
_eeditor
_4ed.
_91745
700 1 _aMalagón A., Virgilio,
_eeditor
_4ed.
_945712
700 1 _aBáez Romero, Ramón,
_epresentación
_4pre.
_945713
710 2 _aSecretaría de Estado de Industria y Comercio
_bDirección General de Mineria (República Dominicana )
_945714
910 _aValidado. Control de calidad MFF
942 _2ddc
_cLBS1
999 _c21561
_d21561